Pink Floyd's "Breathe (In The Air)" Lyrics - Statistics

General Stats
  • This quiz has been taken 197 times
  • The average score is 64 of 101
Answer Stats
Lyrics % Correct
the
100%
in
99%
air
98%
Breathe,
97%
breathe
97%
to
87%
Don't
84%
don't
84%
be
83%
care
82%
afraid
81%
you
81%
You
81%
an
78%
me
73%
your
72%
and
71%
And
71%
Run,
71%
run
71%
rabbit,
69%
Is
68%
is
68%
Leave
68%
leave
68%
on
68%
When
67%
around,
65%
own
65%
sun
65%
that
64%
Dig
63%
dig
63%
ground
63%
Look
63%
one
63%
time
63%
hole,
62%
all
61%
another
61%
done
61%
it's
61%
but
60%
But
60%
choose
60%
work
58%
see
57%
at
55%
fly
53%
life
53%
down,
52%
ever
52%
last
51%
live
51%
will
51%
touch
47%
sit
46%
cry
44%
high
43%
tears
43%
you'll
41%
biggest
40%
forget
40%
Long
40%
if
39%
wave
39%
only
38%
ride
38%
tide
37%
grave
35%
early
32%
give
32%
race
32%
towards
32%
Balanced
28%
smiles
26%
No matching quizzes found
Score Distribution
Percent of People with Each Score
Percentile by Number Answered
Your Score History
You have not taken this quiz